| 000 | 00495nam a2200193 a 4500 | ||
|---|---|---|---|
| 001 | 1758808970122 | ||
| 003 | YourLibrary | ||
| 005 | 20250927150735.0 | ||
| 008 | 250925s2004##################000#0#eng## | ||
| 020 | _a9780743456067 | ||
| 082 | 0 | 4 |
_a155.8496073 _bHOO |
| 100 | 1 |
_ahooks, bell, _eauthor. |
|
| 245 | 1 | 0 | _aRock My Soul : |
| 260 |
_bSimon and Schuster, _c2004. |
||
| 300 | _a256 pages | ||
| 650 | 0 | _aPolitical Science. | |
| 942 | _cENGLISH | ||
| 040 |
_aYourLibrary _beng _cYourLibrary |
||
| 999 |
_c589860 _d589860 |
||